000 00659nam a2200253Ia 4500
003 OSt
005 20220918201323.0
006 a|||||r|||| 00| 0
007 ta
008 220917b |||||||| |||| 00| 0 eng d
024 _a93,113
037 _cTextual
040 _aARTS
_cARTS
_beng
041 _2eng
_aeng
082 _aV2y7J42, M9
100 _aBurke S M
_914464
245 0 _aAkbar the greatest Mogul
260 _aNew Delhi
_bMunshiram Manoharlal
_c1989
300 _axi,249p.
_ccm.
500 _aBib 235-40p; Includes index
650 _aHISTORY
942 _hV2y7J42, M9
_cTEXL
_2CC
999 _c216761
_d216761